000 01757nam a2200373 c 4500
003 BLK
005 20180422114546.0
008 180411b bul|||||r ||||||| ||bul||
010 _aKNG00181207000
040 _aBLK
041 _aBUL
_cBUL
080 _aРумънска литература
_b821.135.1
_x-31
_z821.135.1-31
080 _aРумънска литература
_b821.135.1
_x-32
_z821.135.1-32
100 1 _aСадовяну, Михаил
_eпърви автор
_9118425
700 1 _aКануркова, Спаска Милева
_eпрев. от рум.
_9372486
700 1 _aСтратиев, Йордан
_eпрев. от рум.
_9367923
700 1 _aАлексов, Александър
_eхудож.
_9372063
139 _aСадовяну, Михаил
_bС 13
245 1 0 _aРодът на Шоймару
_bРоман
_cМихаил Садовяну; прев. от рум. Спаска Милева Кануркова; прев. от рум. Йордан Стратиев; худож. Александър Алексов.
245 1 0 _aОстровът на цветята
_bПовест
_c
250 _aНово изд.
257 _aROM
260 София
_bСвят
_c1989
_fотпеч. в Румъния
300 _a320 с.
_bс ил., портр.
_c21 см
380 _aX
500 _a1. изд. 1982 на изд. Отечество в сер. Световна класика за деца и юноши. - Ориг. загл. Neamul Soimarestilor ; Nada florilor / Mihail Sadoveanu.
653 _aромани
653 _aповести
852 _aЦб 157499
856 4 _qpdf
_u
856 4 _qpdf
_u
942 _cKNG
_n0
944 _aCR
_c08.09.2015
_lф /
_kЛюдмила_Стоянова
944 _aED
_c21.09.2017
_lф /
_kКети_Илиева
999 _c172846
_d172846